| 000 | 01070nam a22002657a 4500 | ||
|---|---|---|---|
| 005 | 20170124102945.0 | ||
| 010 | _aB-077010 | ||
| 020 |
_c00.00 _a8171242944 |
||
| 035 | _aB-077010 | ||
| 037 | _bCen Lib/Ret | ||
| 040 |
_aDPL _bHN |
||
| 082 |
_a811.08 _bद्रिवेदी |
||
| 100 |
_aद्रिवेदी ,दशरथ _97808 |
||
| 245 |
_aरसाभिव्यक्ति / _cदशरथ द्रिवेदी |
||
| 246 |
_aRasaabhivyakti _bby Dashrath Drivedi |
||
| 260 |
_aवाराणसी _bविश्वविद्यालय प्रकाशन _c2001 |
||
| 270 |
_aचौक वाराणसी _bवाराणसी |
||
| 300 |
_a152पृष्ठ. _c21सेमी(सजिल्द) |
||
| 650 |
_aहिंदी साहित्य _949751 |
||
| 650 |
_aसाहित्य शाश्त्र् -रस _949752 |
||
| 650 |
_aHindi Literature _949753 |
||
| 650 |
_aLiterature Shastr -ras _949754 |
||
| 700 | _943371 | ||
| 942 |
_2ddc _cHN _h811.08 _mद्रिवेदी |
||
| 999 |
_c112922 _d112922 |
||